It's not all black and white (Record no. 74193)
[ view plain ]
| 000 -LEADER | |
|---|---|
| fixed length control field | 00811cab a2200169 4500 |
| 001 - CONTROL NUMBER | |
| control field | ##ABS67478 |
| 008 - FIXED-LENGTH DATA ELEMENTS--GENERAL INFORMATION | |
| fixed length control field | 040301n2004 000 0 eng u |
| 035 ## - SYSTEM CONTROL NUMBER | |
| System control number | (Sirsi) u125268 |
| 100 1# - MAIN ENTRY--PERSONAL NAME | |
| Personal name | Shaw, E. |
| 245 00 - TITLE STATEMENT | |
| Title | It's not all black and white |
| 260 ## - PUBLICATION, DISTRIBUTION, ETC. | |
| Date of publication, distribution, etc. | 2004 |
| 490 #0 - SERIES STATEMENT | |
| Series statement | Estates Gazette |
| Volume/sequential designation | (0404) 24 January 2004, 106(1) |
| 520 ## - SUMMARY, ETC. | |
| Summary, etc. | Warns that deciding whether deterioration of a building's fabric is a breach of a covenant to repair requires subjective judgment. Points out that dilapidations obligations are property-specific and subjective judgment is required to assess whether a breach exists and the appropriate remedy. An element of deterioration is allowable due to the effect of time. |
| 590 ## - LOCAL NOTE (RLIN) | |
| Local note | ABS |
| 690 ## - LOCAL SUBJECT ADDED ENTRY--TOPICAL TERM (OCLC, RLIN) | |
| Topical term or geographic name as entry element | PROPERTY-LEASEHOLD PROPERTY-LANDLORD AND TENANT-DILAPIDATIONS |
| 942 ## - ADDED ENTRY ELEMENTS (KOHA) | |
| Suppress in OPAC | 0 |
| Withdrawn status | Lost status | Source of classification or shelving scheme | Damaged status | Not for loan | Home library | Current library | Shelving location | Date acquired | Total Checkouts | Full call number | Barcode | Date last seen | Copy number | Price effective from | Koha item type |
|---|---|---|---|---|---|---|---|---|---|---|---|---|---|---|---|
| Dewey Decimal Classification | London | London | Journal article | 01/03/2004 | ABS67478 | 125268-1001 | 06/08/2019 | 1 | 06/08/2019 | Journal article |